| 000 | 00351nam a2200133Ia 4500 | ||
|---|---|---|---|
| 008 | 200103s9999||||xx |||||||||||||| ||und|| | ||
| 020 | _a9780707716152 | ||
| 040 | _aIMU-MPC | ||
| 082 | _aColumn-8 | ||
| 100 | _aAdmiralty | ||
| 245 | 0 | _aAnnual Summary of Admiralty Notices to Mariners | |
| 260 |
_bAdmirality Charts and Publications _c2006 |
||
| 942 | _cBK | ||
| 999 |
_c4110 _d4110 |
||